[Event "British Rapidplay"]
[Site "Peterborough"]
[Date "2024.03.03"]
[Round "9"]
[White "Repasi, Zoltan Jr"]
[Black "Pickard, Charles W"]
[Result "1-0"]
[WhiteElo "2141"]
[BlackElo "2121"]
[PlyCount "62"]
[EventDate "2024.03.02"]
[EventType "swiss (rapid)"]
[EventRounds "11"]
[EventCountry "ENG"]
[SourceTitle "CB10_2024"]
[SourceDate "2024.03.06"]
[SourceVersion "1"]
[SourceVersionDate "2024.03.06"]
[SourceQuality "1"]

1. d4 d5 2. c4 e6 3. Nf3 c5 4. cxd5 exd5 5. g3 Nc6 6. Bg2 Nf6 7. 0-0 cxd4 8. Nxd4 Qb6 9. Nb3 Be7 10. Be3 Qd8 11. Nc3 Be6 12. Qd2 Ne5 13. Bc5 0-0 14. Bxe7 Qxe7 15. Nd4 Rfd8 16. b3 Rac8 17. Rac1 Qb4 18. Rfd1 Qb6 19. h3 a6 20. e3 Qd6 21. Qb2 h5 22. Nde2 h4 23. f4 Ned7 24. g4 Qb6 25. Rd4 g6 26. Rcd1 Nc5 27. Qd2 Bxg4 28. hxg4 Ne6 29. Nxd5 Nxd5 30. Rxd5 h3 31. Bf3 Kg7 1-0

[Event "British Rapidplay"]
[Site "Peterborough"]
[Date "2024.03.02"]
[Round "4"]
[White "Pickard, Charles W"]
[Black "Middleton, Tom"]
[Result "1-0"]
[WhiteElo "2121"]
[BlackElo "1976"]
[PlyCount "36"]
[EventDate "2024.03.02"]
[EventType "swiss (rapid)"]
[EventRounds "11"]
[EventCountry "ENG"]
[SourceTitle "CB10_2024"]
[SourceDate "2024.03.06"]
[SourceVersion "1"]
[SourceVersionDate "2024.03.06"]
[SourceQuality "1"]

1. d4 Nf6 2. c4 e6 3. Nf3 Bb4+ 4. Bd2 Qe7 5. a3 Bxd2+ 6. Nbxd2 d6 7. e3 e5 8. Qc2 0-0 9. Bd3 Nbd7 10. 0-0 g6 11. b4 Re8 12. Be2 e4 13. Ng5 Nf8 14. f3 exf3 15. Rxf3 Bg4 16. Rxf6 Bxe2 17. Nde4 Bg4 18. Nd2 Qxe3+ 1-0

[Event "BCF-chT3E 2223 (4NCL)"]
[Site "England"]
[Date "2023.02.12"]
[Round "6.12"]
[White "Webb, Richard M"]
[Black "Pickard, Charles W"]
[Result "1/2-1/2"]
[WhiteElo "2190"]
[BlackElo "2172"]
[PlyCount "33"]
[EventDate "2022.11.05"]
[EventType "team-tourn"]
[EventRounds "11"]
[EventCountry "ENG"]
[SourceTitle "EXT 2024"]
[Source "ChessBase"]
[SourceDate "2023.10.10"]
[SourceVersion "1"]
[SourceVersionDate "2023.10.10"]
[SourceQuality "1"]
[WhiteTeam "Crowthorne"]
[BlackTeam "Poisoned Pawns"]
[WhiteTeamCountry "ENG"]
[BlackTeamCountry "ENG"]

1. e4 c5 2. Nc3 Nc6 3. Bb5 g6 4. Bxc6 dxc6 5. d3 b6 6. f4 Nh6 7. Nf3 Bg7 8. 0-0 f6 9. h3 Nf7 10. Be3 Qc7 11. a4 Bh6 12. Qd2 Bd7 13. Rae1 e5 14. fxe5 Bxe3+ 15. Qxe3 Nxe5 16. Qh6 0-0-0 17. Qf4 1/2-1/2

[Event "BCF-chT3E 2223 (4NCL)"]
[Site "England"]
[Date "2023.02.11"]
[Round "5.62"]
[White "Pickard, Charles W"]
[Black "Lewis, Andrew P"]
[Result "0-1"]
[WhiteElo "2172"]
[BlackElo "2229"]
[PlyCount "72"]
[EventDate "2022.11.05"]
[EventType "team-tourn"]
[EventRounds "11"]
[EventCountry "ENG"]
[SourceTitle "EXT 2024"]
[Source "ChessBase"]
[SourceDate "2023.10.10"]
[SourceVersion "1"]
[SourceVersionDate "2023.10.10"]
[SourceQuality "1"]
[WhiteTeam "Poisoned Pawns"]
[BlackTeam "Anglian Avengers"]
[WhiteTeamCountry "ENG"]
[BlackTeamCountry "ENG"]

1. c4 g6 2. g3 Bg7 3. Bg2 e5 4. e4 Nc6 5. Nc3 d6 6. d3 Nge7 7. Nge2 0-0 8. 0-0 Be6 9. h3 Qd7 10. Kh2 f5 11. f4 Rae8 12. Be3 Nd4 13. Bxd4 exd4 14. Nd5 Nc8 15. exf5 gxf5 16. Ng1 Bf7 17. Qb3 c6 18. Nb4 d5 19. cxd5 c5 20. Nc2 Nb6 21. Rae1 Nxd5 22. Qa3 b6 23. b4 cxb4 24. Nxb4 Ne3 25. Bc6 Qd6 26. Bxe8 Rxe8 27. Qa4 Nxf1+ 28. Rxf1 Re3 29. Qb5 Qc5 30. a4 a5 31. Qxc5 bxc5 32. Na6 Rxd3 33. Nxc5 Rc3 34. Nd7 Rc2+ 35. Kh1 Bd5+ 36. Nf3 d3 0-1

[Event "BCF-chT3E 2223 (4NCL)"]
[Site "England"]
[Date "2022.11.05"]
[Round "1.22"]
[White "Pickard, Charles W"]
[Black "Lee, Richard WY"]
[Result "1/2-1/2"]
[WhiteElo "2172"]
[BlackElo "2107"]
[PlyCount "61"]
[EventDate "2022.11.05"]
[EventType "team-tourn"]
[EventRounds "11"]
[EventCountry "ENG"]
[SourceTitle "EXT 2024"]
[Source "ChessBase"]
[SourceDate "2023.10.10"]
[SourceVersion "1"]
[SourceVersionDate "2023.10.10"]
[SourceQuality "1"]
[WhiteTeam "Poisoned Pawns"]
[BlackTeam "Cambridge University II"]
[WhiteTeamCountry "ENG"]
[BlackTeamCountry "ENG"]

1. Nf3 d5 2. c4 e6 3. g3 Nf6 4. Bg2 Be7 5. 0-0 0-0 6. b3 c6 7. Bb2 Nbd7 8. d3 b5 9. Nbd2 a5 10. Nd4 Qb6 11. Rc1 bxc4 12. dxc4 Bb7 13. e4 Nc5 14. cxd5 cxd5 15. exd5 Bxd5 16. Nc4 Qb7 17. Bxd5 Nxd5 18. a4 Rfd8 19. Ne5 Nb4 20. Qh5 Bf8 21. Rc4 Rd5 22. Qe2 Rad8 23. Bc3 f6 24. Bxb4 Rxe5 25. Qf3 axb4 26. Qxb7 Nxb7 27. Nc6 Rdd5 28. Nxe5 Rxe5 29. Rc7 Nd6 30. Rfc1 Re2 31. Ra1 1/2-1/2

[Event "BCF-chT3S 1819 (4NCL) Demotion pool"]
[Site "England"]
[Date "2019.05.05"]
[Round "10.52"]
[White "Pickard, Charles W"]
[Black "Burrows, Martin P"]
[Result "1/2-1/2"]
[WhiteElo "2155"]
[BlackElo "2146"]
[PlyCount "56"]
[EventDate "2019.04.14"]
[EventType "team-tourn"]
[EventRounds "11"]
[EventCountry "ENG"]
[SourceTitle "EXT 2021"]
[Source "ChessBase"]
[SourceDate "2020.10.23"]
[SourceVersion "1"]
[SourceVersionDate "2020.10.23"]
[SourceQuality "1"]
[WhiteTeam "Leeds University Old Boys"]
[BlackTeam "The Rookies"]
[WhiteTeamCountry "ENG"]
[BlackTeamCountry "ENG"]

1. Nf3 Nf6 2. c4 e6 3. g3 d5 4. Bg2 dxc4 5. Qa4+ Nbd7 6. Qxc4 a6 7. d3 b5 8. Qc2 Bb7 9. 0-0 c5 10. a4 Be7 11. Nc3 b4 12. Nd1 0-0 13. Ne3 Nb6 14. a5 Nbd5 15. Nc4 Nd7 16. e4 Nc7 17. Be3 Nb5 18. Nfd2 Qc7 19. Nb3 Rac8 20. Rac1 Rfd8 21. Rfd1 Qb8 22. f4 Qa8 23. Qf2 f5 24. exf5 exf5 25. Bxb7 Qxb7 26. Qg2 Qxg2+ 27. Kxg2 Bf6 28. Kf2 g6 1/2-1/2

[Event "BCF-chT3Sa 1819 (4NCL)"]
[Site "England"]
[Date "2019.02.09"]
[Round "5.22"]
[White "Onley, David E"]
[Black "Pickard, Charles W"]
[Result "0-1"]
[WhiteElo "2100"]
[BlackElo "2148"]
[PlyCount "112"]
[EventDate "2018.11.17"]
[EventType "team-tourn"]
[EventRounds "7"]
[EventCountry "ENG"]
[SourceTitle "EXT 2021"]
[Source "ChessBase"]
[SourceDate "2020.10.23"]
[SourceVersion "1"]
[SourceVersionDate "2020.10.23"]
[SourceQuality "1"]
[WhiteTeam "Check Innmates"]
[BlackTeam "Leeds University Old Boys"]
[WhiteTeamCountry "ENG"]
[BlackTeamCountry "ENG"]

1. e4 c5 2. Nf3 e6 3. d4 cxd4 4. Nxd4 a6 5. Nc3 Qc7 6. g3 Nf6 7. Bg2 d6 8. 0-0 Be7 9. a4 Nc6 10. Nxc6 bxc6 11. a5 Rb8 12. Be3 Rxb2 13. Bb6 Rxb6 14. axb6 Qxb6 15. Rb1 Qc7 16. Na4 Nd7 17. Qd4 Bf6 18. Qb4 a5 19. Qd2 0-0 20. Rfd1 d5 21. f4 Be7 22. c4 dxc4 23. Qd4 e5 24. Qe3 Ba6 25. Bh3 Nc5 26. Nxc5 Qa7 27. Kh1 Qxc5 28. Qxc5 Bxc5 29. Rbc1 exf4 30. Bf1 Ba3 31. Rc2 fxg3 32. hxg3 Bb5 33. Rd7 c5 34. Rd6 Rb8 35. Bxc4 Bxc4 36. Rxc4 f6 37. Ra6 Bb4 38. Ra7 h6 39. Kg2 Kh7 40. Kf3 Rd8 41. Ke3 Rd1 42. Ke2 Rd6 43. Ke3 h5 44. Kf4 Rd3 45. Rc2 Kg6 46. g4 h4 47. g5 fxg5+ 48. Ke5 Rf3 49. Kd5 g4 50. e5 g3 51. Rc4 Rd3+ 52. Ke4 Rd4+ 53. Rxd4 cxd4 54. Kf3 d3 55. Rd7 d2 56. Rd4 Kf5 0-1

[Event "BCF-chT3Sa 1819 (4NCL)"]
[Site "England"]
[Date "2019.01.12"]
[Round "3.12"]
[White "McMichael, Richard"]
[Black "Pickard, Charles W"]
[Result "1/2-1/2"]
[WhiteElo "2173"]
[BlackElo "2142"]
[PlyCount "53"]
[EventDate "2018.11.17"]
[EventType "team-tourn"]
[EventRounds "7"]
[EventCountry "ENG"]
[SourceTitle "EXT 2021"]
[Source "ChessBase"]
[SourceDate "2020.10.23"]
[SourceVersion "1"]
[SourceVersionDate "2020.10.23"]
[SourceQuality "1"]
[WhiteTeam "Kings Head"]
[BlackTeam "Leeds University Old Boys"]
[WhiteTeamCountry "ENG"]
[BlackTeamCountry "ENG"]

1. f4 c5 2. Nf3 g6 3. e4 Bg7 4. Nc3 e6 5. d4 cxd4 6. Nxd4 a6 7. a4 Ne7 8. Be3 d5 9. e5 Nbc6 10. Bd3 Nxd4 11. Bxd4 Nc6 12. Bf2 f6 13. exf6 Bxf6 14. 0-0 0-0 15. Qd2 Qd6 16. Kh1 Bd7 17. Ne2 Rac8 18. Rab1 Nb4 19. b3 e5 20. Bg3 Nxd3 21. cxd3 Bf5 22. fxe5 Bxe5 23. Rbe1 Bg4 24. Rxf8+ Rxf8 25. d4 Bxg3 26. Nxg3 Qf4 27. Qb4 1/2-1/2

[Event "BCF-chT3Sa 1819 (4NCL)"]
[Site "England"]
[Date "2018.11.18"]
[Round "2.42"]
[White "Ortiz Sanchez, Luis"]
[Black "Pickard, Charles W"]
[Result "0-1"]
[WhiteElo "1952"]
[BlackElo "2150"]
[PlyCount "60"]
[EventDate "2018.11.17"]
[EventType "team-tourn"]
[EventRounds "7"]
[EventCountry "ENG"]
[SourceTitle "EXT 2021"]
[Source "ChessBase"]
[SourceDate "2020.10.23"]
[SourceVersion "1"]
[SourceVersionDate "2020.10.23"]
[SourceQuality "1"]
[WhiteTeam "Iceni"]
[BlackTeam "Leeds University Old Boys"]
[WhiteTeamCountry "ENG"]
[BlackTeamCountry "ENG"]

1. c4 c5 2. Nf3 e6 3. Nc3 Nc6 4. g3 Nf6 5. Bg2 d5 6. cxd5 Nxd5 7. 0-0 Nc7 8. d3 Be7 9. Be3 0-0 10. Rc1 e5 11. Na4 b6 12. Nd2 Nd5 13. Bxd5 Qxd5 14. Nc3 Qd7 15. f3 Bb7 16. Qa4 Rfd8 17. Nde4 h6 18. Nf2 Qe6 19. Qg4 f5 20. Qc4 Qxc4 21. dxc4 Nd4 22. g4 Rd6 23. Rfd1 Rg6 24. Kf1 Rf8 25. Bxd4 cxd4 26. gxf5 Rxf5 27. Nce4 Rh5 28. Ke1 Rxh2 29. Kd2 Rgg2 30. Rf1 Bxe4 0-1

[Event "BCF-chT3S 1718 (4NCL) Demotion pool"]
[Site "England"]
[Date "2018.05.05"]
[Round "9.72"]
[White "Farkas, Daniel"]
[Black "Pickard, Charles W"]
[Result "1/2-1/2"]
[WhiteElo "2089"]
[BlackElo "2144"]
[PlyCount "206"]
[EventDate "2017.11.11"]
[EventType "team-tourn"]
[EventRounds "11"]
[EventCountry "ENG"]
[SourceTitle "EXT 2020"]
[Source "ChessBase"]
[SourceDate "2019.10.17"]
[SourceVersion "1"]
[SourceVersionDate "2019.10.17"]
[SourceQuality "1"]
[WhiteTeam "Fermented Sharks"]
[BlackTeam "Leeds University Old Boys"]
[WhiteTeamCountry "ENG"]
[BlackTeamCountry "ENG"]

1. e4 c5 2. c3 e6 3. d4 d5 4. Nd2 Nc6 5. Ngf3 cxd4 6. cxd4 dxe4 7. Nxe4 Nf6 8. Nc3 Be7 9. a3 Qb6 10. Bd3 Bd7 11. Be3 Nd5 12. 0-0 Rc8 13. Qe2 Nxc3 14. bxc3 Qa5 15. Bd2 Qh5 16. Rfb1 b6 17. Rb5 f5 18. Bc4 Nd8 19. Re5 0-0 20. d5 Be8 21. dxe6 Nc6 22. Rd5 Na5 23. Ba2 Bc6 24. Rd7 Bxf3 25. Qxf3 Qxf3 26. gxf3 Rfe8 27. Rxa7 Nc4 28. Bxc4 Rxc4 29. Rb1 Bc5 30. Re1 Kf8 31. Rf7+ Kg8 32. Ra7 Kf8 33. Rf7+ Kg8 34. Rxf5 Bxa3 35. Rf4 Rc6 36. Rfe4 Be7 37. R1e3 Bf6 38. Kg2 Rd8 39. e7 Re8 40. Re6 Rc5 41. Rxb6 Bg5 42. Rd3 Bxd2 43. Rxd2 Rxe7 44. Rd3 Rh5 45. f4 Rc5 46. Rbd6 h6 47. Re3 Rf7 48. Kg3 Rfc7 49. Rdd3 Rc4 50. f5 Kf7 51. Rf3 R7c6 52. Rfe3 Kf6 53. Re6+ Rxe6 54. fxe6 Kxe6 55. h3 g6 56. Kf3 Rh4 57. Kg3 Rc4 58. Kg2 Rc5 59. Rg3 Rc6 60. Kf1 Kd5 61. Ke2 Kc4 62. Kd2 Rd6+ 63. Ke2 g5 64. Re3 Rf6 65. Kf1 Kd5 66. Kg2 Rc6 67. Kg3 Rc4 68. Rf3 Ke5 69. Re3+ Kf5 70. Rf3+ Ke5 71. Kg2 h5 72. Re3+ Kf5 73. Rd3 Ke5 74. Re3+ Kf5 75. Kf1 Ra4 76. Ke2 Ra2+ 77. Kf3 Ra4 78. Re2 Rh4 79. Kg3 Rc4 80. Re3 Kf6 81. Kg2 Kf5 82. Kf1 Ra4 83. Rd3 Ra2 84. Ke1 Ke4 85. Re3+ Kf5 86. Kf1 Rc2 87. Kg2 Rc1 88. Rd3 Ke4 89. Rf3 Ke5 90. h4 gxh4 91. Rh3 Kf6 92. Rd3 Ke5 93. Re3+ Kf5 94. Rd3 Rc2 95. Rd4 Kg5 96. c4 h3+ 97. Kxh3 Rxf2 98. Rd5+ Kg6 99. c5 Rf3+ 100. Kh4 Rf4+ 101. Kg3 Rc4 102. Rd6+ Kf7 103. c6 Ke7 1/2-1/2

[Event "BCF-chT3Sa 1718 (4NCL)"]
[Site "England"]
[Date "2018.01.13"]
[Round "3.22"]
[White "Fletcher, John T"]
[Black "Pickard, Charles W"]
[Result "0-1"]
[WhiteElo "1959"]
[BlackElo "2144"]
[PlyCount "58"]
[EventDate "2017.11.11"]
[EventType "team-tourn"]
[EventRounds "11"]
[EventCountry "ENG"]
[SourceTitle "EXT 2020"]
[Source "ChessBase"]
[SourceDate "2019.10.17"]
[SourceVersion "1"]
[SourceVersionDate "2019.10.17"]
[SourceQuality "1"]
[WhiteTeam "The Full Ponty"]
[BlackTeam "Leeds University Old Boys"]
[WhiteTeamCountry "WLS"]
[BlackTeamCountry "ENG"]

1. d4 d5 2. c4 e6 3. Nf3 Nf6 4. Nc3 Be7 5. Bg5 Nbd7 6. e3 0-0 7. cxd5 exd5 8. Bd3 c6 9. 0-0 Re8 10. Bc2 Ne4 11. Bxe7 Qxe7 12. Nxe4 dxe4 13. Nd2 Nf6 14. h3 Bf5 15. Nc4 Rad8 16. Qe2 Nd5 17. a3 Qg5 18. Ne5 f6 19. f3 fxe5 20. fxe4 Qxe3+ 21. Rf2 Qxe2 22. Rxe2 exd4 23. Rae1 Bg6 24. Bb3 d3 25. exd5 Rxe2 26. dxc6+ Bf7 27. Bxf7+ Kxf7 28. Rf1+ Ke7 29. c7 Rc8 0-1

[Event "BCF-chT3Sb 1617 (4NCL)"]
[Site "England"]
[Date "2017.02.12"]
[Round "6.52"]
[White "Tasker, Michael"]
[Black "Pickard, Charles W"]
[Result "1/2-1/2"]
[WhiteElo "2079"]
[BlackElo "2215"]
[PlyCount "45"]
[EventDate "2016.11.26"]
[EventType "team-tourn"]
[EventRounds "11"]
[EventCountry "ENG"]
[SourceTitle "EXT 2019"]
[Source "ChessBase"]
[SourceDate "2018.10.10"]
[SourceVersion "1"]
[SourceVersionDate "2018.10.10"]
[SourceQuality "1"]
[WhiteTeam "Hackney"]
[BlackTeam "Leeds University Old Boys"]
[WhiteTeamCountry "ENG"]
[BlackTeamCountry "ENG"]

1. d4 d5 2. Nf3 e6 3. c4 c6 4. Qc2 f5 5. g3 Nf6 6. Bg2 Bd6 7. 0-0 0-0 8. b3 Qe7 9. Bb2 Ne4 10. Nbd2 Nxd2 11. Qxd2 Nd7 12. Rac1 Nf6 13. Ne5 Ne4 14. Qc2 Bd7 15. f3 Nf6 16. e4 fxe4 17. fxe4 Bxe5 18. dxe5 Qc5+ 19. Qf2 Qxf2+ 20. Rxf2 Nxe4 21. Rxf8+ Rxf8 22. Bxe4 dxe4 23. Rd1 1/2-1/2

[Event "BCF-chT3Sb 1617 (4NCL)"]
[Site "England"]
[Date "2017.01.15"]
[Round "4.82"]
[White "Robertson, J Stuart"]
[Black "Pickard, Charles W"]
[Result "0-1"]
[WhiteElo "2106"]
[BlackElo "2215"]
[PlyCount "56"]
[EventDate "2016.11.26"]
[EventType "team-tourn"]
[EventRounds "11"]
[EventCountry "ENG"]
[SourceTitle "EXT 2019"]
[Source "ChessBase"]
[SourceDate "2018.10.10"]
[SourceVersion "1"]
[SourceVersionDate "2018.10.10"]
[SourceQuality "1"]
[WhiteTeam "Cambridge University II"]
[BlackTeam "Leeds University Old Boys"]
[WhiteTeamCountry "ENG"]
[BlackTeamCountry "ENG"]

1. d4 d5 2. c4 e6 3. Nf3 c5 4. cxd5 exd5 5. g3 Nc6 6. Nc3 Nf6 7. Bg2 Bg4 8. dxc5 Bxc5 9. 0-0 d4 10. Na4 Be7 11. Qd3 0-0 12. Qb5 Qd7 13. b3 Rad8 14. Nc5 Bxc5 15. Qxc5 Rfe8 16. Qc4 Ne4 17. a3 Nc3 18. Bb2 Be6 19. Qd3 Bf5 20. Qc4 Nxe2+ 21. Kh1 d3 22. Rad1 Qe6 23. Ne1 Qxc4 24. bxc4 Na5 25. Bd5 b5 26. Nxd3 bxc4 27. Ne5 Rxd5 28. Rxd5 Be4+ 0-1

[Event "BCF-chT3Sb 1617 (4NCL)"]
[Site "England"]
[Date "2016.11.27"]
[Round "2.62"]
[White "Pickard, Charles W"]
[Black "Wallis, Ian J"]
[Result "1/2-1/2"]
[WhiteElo "2215"]
[BlackElo "2102"]
[PlyCount "99"]
[EventDate "2016.11.26"]
[EventType "team-tourn"]
[EventRounds "11"]
[EventCountry "ENG"]
[SourceTitle "EXT 2019"]
[Source "ChessBase"]
[SourceDate "2018.10.10"]
[SourceVersion "1"]
[SourceVersionDate "2018.10.10"]
[SourceQuality "1"]
[WhiteTeam "Leeds University Old Boys"]
[BlackTeam "Anglian Avengers II"]
[WhiteTeamCountry "ENG"]
[BlackTeamCountry "ENG"]

1. d4 Nf6 2. Nf3 g6 3. c4 Bg7 4. g3 0-0 5. Bg2 d6 6. 0-0 Nbd7 7. Nc3 e5 8. e4 c6 9. Rb1 exd4 10. Nxd4 Qb6 11. Nde2 Ne5 12. b3 Bg4 13. Be3 Bxe2 14. Qxe2 Qc7 15. h3 Rfd8 16. Rbd1 Nfd7 17. Qd2 Qa5 18. Ne2 Qxd2 19. Rxd2 Nb6 20. f4 Ned7 21. Rxd6 Bf8 22. Rdd1 Nc5 23. e5 Be7 24. Nc3 Kf8 25. Ne4 Nxe4 26. Bxe4 Nd7 27. Kf2 Nc5 28. Kf3 Ke8 29. h4 a5 30. h5 a4 31. hxg6 hxg6 32. Rxd8+ Kxd8 33. f5 gxf5 34. Bxf5 axb3 35. Rh1 Kc7 36. axb3 Ra3 37. Bxc5 Bxc5 38. Rb1 b5 39. cxb5 cxb5 40. Be4 Ra2 41. Rf1 Bd4 42. Kf4 f6 43. exf6 Bxf6 44. Rc1+ Kd8 45. Rc6 Be7 46. g4 Kd7 47. Rb6 Bd6+ 48. Kf5 Rf2+ 49. Kg6 b4 50. Rb5 1/2-1/2

[Event "BCF-chT2b 1516 (4NCL)"]
[Site "England"]
[Date "2016.01.23"]
[Round "3.252"]
[White "Wheeler, Darren"]
[Black "Pickard, Charles W"]
[Result "1-0"]
[WhiteElo "2215"]
[BlackElo "2141"]
[PlyCount "129"]
[EventDate "2015.11.14"]
[EventType "team-tourn"]
[EventRounds "7"]
[EventCountry "ENG"]
[SourceTitle "CBM 170 Extra"]
[Source "ChessBase"]
[SourceDate "2016.02.25"]
[SourceVersion "1"]
[SourceVersionDate "2016.02.25"]
[SourceQuality "1"]
[WhiteTeam "The ADS"]
[BlackTeam "Cambridge II"]
[WhiteTeamCountry "ENG"]
[BlackTeamCountry "ENG"]

1. e4 c5 2. f4 d5 3. Nc3 dxe4 4. Nxe4 Qc7 5. Nf3 Nf6 6. Bb5+ Bd7 7. Bxd7+ Nbxd7 8. d3 g6 9. c4 Bg7 10. 0-0 0-0 11. Qe2 Rad8 12. Nc3 e6 13. Kh1 Nb8 14. Be3 b6 15. d4 cxd4 16. Nxd4 Rd7 17. Rad1 Rfd8 18. Nb3 h5 19. c5 Rxd1 20. Rxd1 Rxd1+ 21. Qxd1 Ng4 22. Qf3 Nxe3 23. Qxe3 bxc5 24. Nxc5 Nc6 25. Nb3 Nb4 26. a3 Nc2 27. Qc1 Bxc3 28. Qxc2 Qxf4 29. Kg1 Qe3+ 30. Kf1 Be5 31. g3 h4 32. gxh4 Qf3+ 33. Ke1 Qh1+ 34. Kd2 Bf4+ 35. Kd3 Qd5+ 36. Ke2 Bxh2 37. Nd2 Qg2+ 38. Kd3 Qh3+ 39. Kc4 Qxh4+ 40. Kb5 Qf2 41. Qc8+ Kh7 42. Nc4 g5 43. Qd8 g4 44. Ka6 Bg1 45. Qg5 Qf5 46. Qh4+ Kg6 47. Qh8 Qc5 48. Qg8+ Kf6 49. Qxg4 Qc6+ 50. Ka5 Qc5+ 51. Ka6 e5 52. Qe4 Bd4 53. b3 Qc8+ 54. Kb5 Qc5+ 55. Ka6 Ke6 56. Qg4+ Ke7 57. Qg5+ Kd7 58. Qf5+ Ke8 59. Kb7 Qb5+ 60. Kc8 Qc6+ 61. Kb8 Qd7 62. Qe4 Kd8 63. Qh4+ Qe7 64. Qh8+ Kd7 65. Qc8# 1-0

[Event "BCF-chT2b 1516 (4NCL)"]
[Site "England"]
[Date "2015.11.14"]
[Round "1.5"]
[White "Pickard, Charles W"]
[Black "Eames, Robert"]
[Result "1-0"]
[WhiteElo "2130"]
[BlackElo "2320"]
[PlyCount "73"]
[EventDate "2015.11.14"]
[EventType "team-tourn"]
[EventRounds "7"]
[EventCountry "ENG"]
[SourceTitle "CBM 169 Extra"]
[Source "ChessBase"]
[SourceDate "2015.12.18"]
[SourceVersion "1"]
[SourceVersionDate "2015.12.18"]
[SourceQuality "1"]
[WhiteTeam "Cambridge II"]
[BlackTeam "Hackney"]
[WhiteTeamCountry "ENG"]
[BlackTeamCountry "ENG"]

1. c4 e5 2. g3 Nf6 3. Bg2 c6 4. d4 Bb4+ 5. Bd2 Bxd2+ 6. Qxd2 d6 7. Nc3 Qe7 8. e4 0-0 9. Nge2 b5 10. cxb5 cxb5 11. 0-0 Bb7 12. Rfe1 Nbd7 13. dxe5 dxe5 14. Nd5 Nxd5 15. exd5 Qd6 16. Nc3 b4 17. Ne4 Qg6 18. Rac1 Rac8 19. Rxc8 Rxc8 20. Bh3 f5 21. Rc1 Rd8 22. Bxf5 Qxf5 23. Nd6 Qh3 24. Nxb7 e4 25. Qf4 Rf8 26. Qxe4 Qh5 27. Qe6+ Qf7 28. Nd6 Qxe6 29. dxe6 Nf6 30. e7 Rb8 31. Kg2 a5 32. Rc5 Ne8 33. Nxe8 Rxe8 34. Re5 a4 35. Kf3 Kf7 36. Ke4 Kf6 37. Kd5 1-0

[Event "BCF-chT2a 1415 (4NCL)"]
[Site "England"]
[Date "2015.01.10"]
[Round "3.245"]
[White "Pickard, Charles W"]
[Black "Osborne, Marcus E"]
[Result "1/2-1/2"]
[WhiteElo "2116"]
[BlackElo "2208"]
[PlyCount "59"]
[EventDate "2014.11.15"]
[EventType "team-tourn"]
[EventRounds "7"]
[EventCountry "ENG"]
[SourceTitle "EXT 2016"]
[Source "ChessBase"]
[SourceDate "2015.10.08"]
[SourceVersion "1"]
[SourceVersionDate "2015.10.08"]
[SourceQuality "1"]
[WhiteTeam "Cambridge II"]
[BlackTeam "Guildford III"]
[WhiteTeamCountry "ENG"]
[BlackTeamCountry "ENG"]

1. Nf3 Nf6 2. c4 g6 3. g3 Bg7 4. Bg2 0-0 5. 0-0 d6 6. Nc3 c6 7. d3 Nbd7 8. Bd2 a5 9. Qc2 Nb6 10. b3 Bd7 11. h3 Re8 12. e4 e5 13. Be3 d5 14. Bc5 d4 15. Bxb6 Qxb6 16. Na4 Qd8 17. c5 Qe7 18. Nd2 Be6 19. a3 Nd7 20. b4 Ra7 21. Nb3 axb4 22. axb4 Bxb3 23. Qxb3 Rea8 24. Ra3 Qe6 25. Qc2 Bf8 26. Rfa1 b5 27. cxb6 Nxb6 28. Nc5 Rxa3 29. Nxe6 Rxa1+ 30. Kh2 1/2-1/2

[Event "BCF-chT2a 1314 (4NCL)"]
[Site "England"]
[Date "2014.02.15"]
[Round "5.44"]
[White "Gregory, Keith D"]
[Black "Pickard, Charles W"]
[Result "0-1"]
[WhiteElo "2035"]
[BlackElo "2111"]
[PlyCount "58"]
[EventDate "2013.11.16"]
[EventType "team-swiss"]
[EventRounds "11"]
[EventCountry "ENG"]
[SourceTitle "EXT 2015"]
[Source "ChessBase"]
[SourceDate "2014.11.20"]
[SourceVersion "1"]
[SourceVersionDate "2014.11.20"]
[SourceQuality "1"]
[WhiteTeam "Wessex"]
[BlackTeam "Cambridge II"]
[WhiteTeamCountry "ENG"]
[BlackTeamCountry "ENG"]

1. Nf3 c5 2. c4 Nc6 3. g3 g6 4. Bg2 Bg7 5. 0-0 e5 6. Nc3 Nge7 7. d3 0-0 8. Bd2 Rb8 9. Qc1 d6 10. Bh6 a6 11. Bxg7 Kxg7 12. b3 h6 13. Qb2 Kh7 14. Rad1 Be6 15. e3 f5 16. d4 cxd4 17. exd4 e4 18. Ne1 d5 19. c5 f4 20. f3 fxg3 21. fxe4 gxh2+ 22. Kh1 Rxf1+ 23. Bxf1 dxe4 24. Qxh2 Nd5 25. Nxd5 Bxd5 26. Nc2 Qg5 27. Bg2 Rf8 28. Qh3 Rf4 29. Kg1 Rg4 0-1

[Event "BCF-chT1c 1213 (4NCL) Promotion pool"]
[Site "England"]
[Date "2013.03.24"]
[Round "8.148"]
[White "Ciuksyte, Dagne"]
[Black "Pickard, Charles W"]
[Result "1-0"]
[WhiteElo "2354"]
[BlackElo "2126"]
[PlyCount "59"]
[EventDate "2012.11.03"]
[EventType "team-tourn"]
[EventRounds "4"]
[EventCountry "ENG"]
[SourceTitle "EXT 2014"]
[Source "ChessBase"]
[SourceDate "2013.11.20"]
[SourceVersion "1"]
[SourceVersionDate "2013.11.20"]
[SourceQuality "1"]
[WhiteTeam "Guildford"]
[BlackTeam "Cambridge"]
[WhiteTeamCountry "ENG"]
[BlackTeamCountry "ENG"]

1. e4 c5 2. Nf3 e6 3. d4 cxd4 4. Nxd4 a6 5. Bd3 Qc7 6. 0-0 Nf6 7. Qe2 d6 8. c4 Be7 9. Nc3 0-0 10. f4 Nbd7 11. Kh1 Re8 12. Bd2 b6 13. Rae1 Nf8 14. e5 N6d7 15. Be4 Bb7 16. exd6 Bxd6 17. Ndb5 axb5 18. Nxb5 Qb8 19. Bxb7 Rxa2 20. Nxd6 Qxd6 21. Bc3 Ra7 22. Be4 Ng6 23. Rd1 Qc7 24. Bb1 Rc8 25. f5 Ngf8 26. fxe6 fxe6 27. Bxh7+ Nxh7 28. Qxe6+ Kh8 29. Bxg7+ Kxg7 30. Rf7+ 1-0